Country Names Containing a Letter - F - Statistics

General Stats
  • This quiz has been taken 165 times
  • The average score is 8 of 10
Answer Stats
Hint Country % Correct
1 x F Finland
97%
1 x F France
96%
1 x F Fiji
93%
2 x F Federated States of Micronesia
83%
1 x F Afghanistan
82%
1 x F South Africa
78%
1 x F Democratic Republic of the Congo
72%
1 x F Republic of the Congo
71%
1 x F Central African Republic
70%
1 x F Burkina Faso
66%
No matching quizzes found
Score Distribution
Percent of People with Each Score
Percentile by Number Answered
Your Score History
You have not taken this quiz